000 00318nam a2200145Ia 4500
100 _aMillman/Jacol
650 _aElectrical Engineering
942 _cBK
654 _aMicroelectronic
245 _aMicroelectronic
260 _bMcGraw Hill
_aAuckland
_c1979
082 _a621.3
300 _a881
546 _aENGLISH
999 _c27008
_d27008